| 000 | 00000nas##2200000za#4500 |
| 001 | 9.514797 |
| 003 | CaOODSP |
| 005 | 20200325130558 |
| 007 | ta |
| 008 | 150406c1998||||xxc|| m #||||f| |0eng|d |
| 040 | |aCaOODSP|beng |
| 043 | |an-cn--- |
| 086 | 1 |aMP32-30E |
| 110 | 1 |aCanada.|bHuman Resources Development Canada. |bApplied Research Branch. |
| 245 | 10|aStrategic policy technical document |
| 260 | |aOttawa - Ontario : |bHuman Resources Development Canada. |
| 546 | |aRésumé en français |
| 563 | |aSoftcover |
| 775 | 08|tPolitique stratégique, document technique |w(CaOODSP)9.513151 |
| 776 | 0#|tStrategic policy technical paper series |w(CaOODSP)9.504479 |